000 00511nam a2200181Ia 4500
005 20250508153331.0
008 008 250505s9999 xx 000 0 eng d
037 _aBooks to be hide in OPAC
040 _aFEDL
_beng
_cFEDL
041 _aeng
_2eng
084 _a914.2, EMP/O
_qFEDL
100 _aFawcett Raymond Ed.
_9763723
245 0 _aEmpire youth annual for 1951
260 _aLondon, UK
_bP R Gawthorn, Ltd.
300 _a404p.
942 _cHB
_h914.2, EMP/O
999 _c1342104
_d1342104